MARC details
| 000 -LEADER |
| fixed length control field |
02158cam a22003494a 4500 |
| 001 - CONTROL NUMBER |
| control field |
13998900 |
| 003 - CONTROL NUMBER IDENTIFIER |
| control field |
GZU |
| 005 - DATE AND TIME OF LATEST TRANSACTION |
| control field |
20210315082023.0 |
| 008 - FIXED-LENGTH DATA ELEMENTS--GENERAL INFORMATION |
| fixed length control field |
050610s2006 dcua b i001 0 eng |
| 010 ## - LIBRARY OF CONGRESS CONTROL NUMBER |
| LC control number |
2005050941 |
| 020 ## - INTERNATIONAL STANDARD BOOK NUMBER |
| International Standard Book Number |
0821362119 |
| 020 ## - INTERNATIONAL STANDARD BOOK NUMBER |
| International Standard Book Number |
9780821362112 |
| 035 ## - SYSTEM CONTROL NUMBER |
| System control number |
(OCoLC)ocm60705758 |
| 040 ## - CATALOGING SOURCE |
| Original cataloging agency |
DLC |
| Transcribing agency |
DLC |
| Modifying agency |
BAKER |
| -- |
C#P |
| -- |
NDL |
| -- |
DLC |
| 042 ## - AUTHENTICATION CODE |
| Authentication code |
pcc |
| 050 00 - LIBRARY OF CONGRESS CALL NUMBER |
| Classification number |
RA410.5 |
| Item number |
.INT 2006 |
| 245 00 - TITLE STATEMENT |
| Title |
International trade in health services and the GATS : |
| Remainder of title |
current issues and debates / |
| Statement of responsibility, etc. |
edited by Chantal Blouin, Nick Drager, and Richard Smith. |
| 260 ## - PUBLICATION, DISTRIBUTION, ETC. |
| Place of publication, distribution, etc. |
Washington, D.C. : |
| Name of publisher, distributor, etc. |
World Bank, |
| Date of publication, distribution, etc. |
c2006. |
| 300 ## - PHYSICAL DESCRIPTION |
| Extent |
xii, 312 p. : |
| Other physical details |
ill. ; |
| Dimensions |
23 cm. |
| 504 ## - BIBLIOGRAPHY, ETC. NOTE |
| Bibliography, etc. note |
Includes bibliographical references and index. |
| 505 00 - FORMATTED CONTENTS NOTE |
| Title |
Trade in health services and the GATS : introduction and summary / |
| Statement of responsibility |
Richard Smith, Chantal Blouin, Nick Drager -- |
| Title |
Strategic considerations for developing countries : the case of GATS and health services / |
| Statement of responsibility |
Mina Mashayekhi, Martine Julsaint, Elisabeth Tuerk -- |
| Title |
Update on GATS commitments and negotiations / |
| Statement of responsibility |
Rudolf Adlung, Antonia Carzaniga -- |
| Title |
Ten steps to consider before making commitments in health services under GATS / |
| Statement of responsibility |
Julia Nielson -- |
| Title |
Making commitments in health services under the GATS : legal dimensions / |
| Statement of responsibility |
David P. Fidler ... [et al.] -- |
| Title |
Economic dimensions and impact assessment of GATS to promote and protect health / |
| Statement of responsibility |
Chantal Blouin -- |
| Title |
Trade in health services under the four modes of supply : review of current trends and policy issues / |
| Statement of responsibility |
Chantal Blouin ... [et al.] -- |
| Title |
Trade in health services and the GATS : what next? / |
| Statement of responsibility |
Richard Smith, Chantal Blouin, Nick Drager. |
| 630 00 - SUBJECT ADDED ENTRY--UNIFORM TITLE |
| Uniform title |
General Agreement on Trade in Services |
| Date of treaty signing |
(1994 April 15) |
| 650 #0 - SUBJECT ADDED ENTRY--TOPICAL TERM |
| Topical term or geographic name entry element |
Medical economics. |
| 650 #0 - SUBJECT ADDED ENTRY--TOPICAL TERM |
| Topical term or geographic name entry element |
Medical policy |
| General subdivision |
International cooperation. |
| 650 #0 - SUBJECT ADDED ENTRY--TOPICAL TERM |
| Topical term or geographic name entry element |
International trade. |
| 700 1# - ADDED ENTRY--PERSONAL NAME |
| Personal name |
Blouin, Chantal, |
| Dates associated with a name |
1971- |
| Relator term |
editor |
| 700 1# - ADDED ENTRY--PERSONAL NAME |
| Personal name |
Drager, Nick. |
| Relator term |
editor |
| 700 1# - ADDED ENTRY--PERSONAL NAME |
| Personal name |
Smith, Richard, |
| Dates associated with a name |
1968 July 15- |
| Relator term |
editor |
| 856 41 - ELECTRONIC LOCATION AND ACCESS |
| Materials specified |
Table of contents only |
| Uniform Resource Identifier |
<a href="http://www.loc.gov/catdir/toc/fy0608/2005050941.html">http://www.loc.gov/catdir/toc/fy0608/2005050941.html</a> |
| 906 ## - LOCAL DATA ELEMENT F, LDF (RLIN) |
| a |
7 |
| b |
cbc |
| c |
orignew |
| d |
1 |
| e |
ocip |
| f |
20 |
| g |
y-gencatlg |
| 942 ## - ADDED ENTRY ELEMENTS (KOHA) |
| Source of classification or shelving scheme |
Library of Congress Classification |
| Koha item type |
Books |
| Classification part |
410.5 |
| Item part |
INT |
| Call number prefix |
RA |